|
|
|
แสดงรายละเอียดบรรณานุกรม |
|
|
Brief Record
: Get Marc (ISO 2709)
: E-mail record
: |
|
|
| LEADER 00000nam 2200000uu 4500 | |||
| 001 13399128779 | |||
| 003 BCNR | |||
| 008 240906s2568 th a b 000 0 tha d | |||
| 020 ^a9786166220469 | |||
| 041 ^atha | |||
| 060 04 ^aWB100^bว896 2568 | |||
| 245 00 ^aเวชศาสตร์ทันยุค 2568 /^cกองบรรณาธิการ,คณะอนุกรรมการฝ่ายจัดทำหนังสือเวชศาสตร์ทันยุค 2568 คณะแพทยศาสตร์ศิริราชพยาบาล มหาวิทยาลัยมหิดล | |||
| 250 ^aพิมพ์ครั้งที่ 1 | |||
| 260 ^aกรุงเทพฯ :^bสำนักพิมพ์ศิริราช งานวิชาการ สำนักงานคณบดี คณะแพทยศาสตร์ศิริราชพยาบาล มหาวิทยาลัยมหิดล,^c2568 | |||
| 300 ^axxiii, 490 หน้า :^bภาพประกอบ, ตาราง, แผนภูมิ ;^c26 ซม. | |||
| 505 0 ^aบทที่ 1 ภาวะโซเดียมต่ำในเลือดในผู้ป่วยเด็ก : ความเข้าใจและแนวทางการรักษาในปัจจุบัน -- บทที่ 2 ภาวะโซเดียมสูงในเลือดในผู้ป่วยเด็ก : ความเข้าใจและแนวทางการรักษาในปัจจุบัน -- บทที่ 3 การให้สารน้ำในผู้ป่วยเด็ก : แนวทางและการรักษาในปัจจุบัน -- บทที่ 4 บทบาทของแพทย์และทีมสหวิชาชีพในการคัดกรองและวินิจฉัยภาวะออทิสติกระยะแรก -- บทที่ 5 แนวทางการวินิจฉัยข้ออักเสบในเด็ก -- บทที่ 6 การรักษาโรคผมร่วงเป็นหย่อมในเด็กในปัจจุบัน -- บทที่ 7 ปัญญาประดิษฐ์ในการดูแลรักษาผู้ป่วยที่มีภาวะตาเหล่ -- บทที่ 8 การวินิจฉัยลิมโฟมาด้วยพยาธิวิทยาทันยุค -- บทที่ 9 ไขรหัสการตรวจ Antinuclear Antibody (ANA) ในเวชปฏิบัติ : มุมมองล่าสุดจากแพทย์พยาธิคลินิก -- บทที่ 10 บทบาทของไกลเคทเตดอัลบูมินในการเพิ่มความแม่นยำในการประเมินและติตตามโรคเบาหวาน -- บทที่ 11 การดูแลหญิงตั้งครรภ์ที่ติดเชื้อเอชไอวีแบบสหวิชาชีพ -- บทที่ 12 แนวทางเวชปฏิบัติสำหรับภาวะหลอดเลือดแดงใหญ่ในช่องอกบาดเจ็บจากอุบัติเหตุแบบแรงกระแทก สำหรับสหสาขาวิชาชีพ -- บทที่ 13 แนวทางเวชปฏิบัติในการดูแลรักษาเพื่อช่วยชีวิตและประคองให้อาการคงที่ Damage Control Resuscitation สำหรับผู้บาดเจ็บหนักทางอุบัติเหตุ -- บทที่ 14 การบูรณาการวิธีการทางชีวกลศาสตร์ในการฟื้นฟูสภาพภายหลังการผ่าตัดสร้างเอ็นไขว้หน้า -- บทที่ 15 แนวโน้มใหม่ในการฟื้นฟูสมรรถภาพหลังการผ่าตัดสร้างเอ็นไขว้หน้า -- บทที่ 16 แนวทางการรักษากระดูกหัวไหล่หักในผู้ป่วยสูงอายุในปัจจุบัน -- บทที่ 17 การเลือกเส้นเอ็นสำหรับการผ่าตัดสร้างเอ็นไขว้หน้าซ้ำ -- บทที่ 18 การดูแลผู้ป่วยเลือดกำเดาไหลในปัจจุบัน -- บทที่ 19 นอนกรนและโรคหยุดหายใจขณะหลับจากการอุดกั้น : แนวทางการพัฒนาการวินิจฉัยและรักษาในประเทศไทยสำหรับผู้ใหญ่ ฉบับปรับปรุง พ.ศ. 2568 -- บทที่ 20 ไขความลับของความผิดปกติในการรับรส -- บทที่ 21 การป้องกันภาวะหัวใจห้องบนสั่นพลิ้วในปัจจุบัน -- บทที่ 22 แนวทางส่งเสริมระดับความรอบรู้ด้านสุขภาพทางอิเล็กทรอนิกส์ในผู้สูงอายุที่มาเข้ารับการผ่าตัด -- บทที่ 23 การเคลื่อนไหวระยะแรกสำหรับผู้ป่วยผู้สูงอายุที่มารับการผ่าตัด -- บทที่ 24 แนวทางการดูแลคนไข้ถูกตัดขาระดับใต้เข่าแบบสหสาขาวิชาชีพและเทคโนโลยีขาเทียมใต้เข่าล่าสุด -- บทที่ 25 บทบาทของการแพทย์แผนไทย และแนวทางเวชปฏิบัติในการดูแลผู้ป่วยอัมพฤกษ์ อัมพาตร่วมกับสหวิชาชีพ | |||
| 650 4 ^aการรักษาโรค | |||
| 650 4 ^aการวินิจฉัยโรค | |||
| 650 4 ^aเวชปฏิบัติทั่วไป | |||
| 710 2 ^aมหาวิทยาลัยมหิดล. ^bคณะแพทยศาสตร์ศิริราชพยาบาล.^bคณะอนุกรรมการฝ่ายจัดทำหนังสือเวชศาสตร์ทันยุค 2568 | |||
| 999 ^aบรรณารักษ์ | |||
| คุณยังไม่ได้ล็อกอิน คุณสามารถมีกิจกรรมร่วมกับเว็บไซต์ได้ แต่ต้องล็อกอินก่อน :: |
|
| สถานะ | |||||||||
| 1. | หนังสือ | WB100 ว896 2568 c.1 Barcode: 087662 | ►หนังสือทั่วไป | On Shelf *รอนำขึ้นชั้น | |||||
| 2. | หนังสือ | WB100 ว896 2568 c.2 Barcode: 087663 | ►หนังสือทั่วไป | On Shelf *รอนำขึ้นชั้น | |||||
| 3. | หนังสือ | WB100 ว896 2568 c.3 Barcode: 087664 | ►หนังสือทั่วไป | On Shelf *รอนำขึ้นชั้น | |||||
| 4. | หนังสือ | WB100 ว896 2568 c.4 Barcode: 087665 | ►หนังสือทั่วไป | On Shelf *รอนำขึ้นชั้น | |||||
| 5. | หนังสือ | WB100 ว896 2568 c.5 Barcode: 087666 | ►หนังสือทั่วไป | On Shelf *รอนำขึ้นชั้น | |||||
| 6. | หนังสือ | WB100 ว896 2568 c.6 Barcode: 087667 | ►หนังสือทั่วไป | On Shelf *รอนำขึ้นชั้น | |||||
| 7. | หนังสือ | WB100 ว896 2568 c.7 Barcode: 087668 | ►หนังสือทั่วไป | On Shelf *รอนำขึ้นชั้น | |||||
| 8. | หนังสือ | WB100 ว896 2568 c.8 Barcode: 087669 | ►หนังสือทั่วไป | On Shelf *รอนำขึ้นชั้น | |||||
| [แสดง 8/8 รายการ] | |||||||||
BibComment |
| คอมเมนท์ทรัพยากรรายการนี้ |
|
|